Evaluación económica de medicamentos y tecnologías sanitarias (Registro nro. 10822)

000 -CABECERA
Campo de control de longitud fija 02911nam a22003017a 4500
003 - IDENTIFICADOR DEL NÚMERO DE CONTROL
Campo de control OSt
005 - FECHA Y HORA DE LA ÚLTIMA TRANSACCIÓN
Campo de control 20260409103855.0
008 - CÓDIGOS DE INFORMACIÓN DE LONGITUD FIJA
Campo de control de longitud fija 260409t2012 xxu||||| |||| 00| 0 spa d
020 ## - NÚMERO INTERNACIONAL NORMALIZADO PARA LIBROS (ISBN)
Número Internacional Normalizado para Libros (ISBN) 9788494034619
040 ## - FUENTE DE LA CATALOGACIÓN
Centro catalogador de origen Unicoc
Lengua de catalogación spa
Centro que cataloga Bogotá (Dr. David Ordóñez Rueda) - Campus Norte
Centro modificador Bogotá (Dr. David Ordóñez Rueda) - Campus Norte
082 ## - NÚMERO DE LA CLASIFICACIÓN DECIMAL DEWEY
Número de clasificación 615.19
100 ## - PUNTO DE ACCESO PRINCIPAL - NOMBRE DE PERSONA
9 (RLIN) 12872
Nombre de persona Álvarez, Javier Soto
245 ## - MENCIÓN DE TÍTULO
Título Evaluación económica de medicamentos y tecnologías sanitarias
Subtitulo o Resto del título : Principios, métodos y aplicaciones en política sanitaria
Mención de responsabilidad etc. / Javier Soto Álvarez
250 ## - MENCIÓN DE EDICIÓN
Mención de edición 1 Ed.
260 ## - PUBLICATION, DISTRIBUTION, ETC. (IMPRINT)
Lugar de publicación distribución etc. España :
Nombre del editor distribuidor etc. Springer ,
Fecha de publicación distribución etc. 2012
300 ## - DESCRIPCIÓN FÍSICA
Extensión 323 páginas
Otras características físicas Tablas
500 ## - NOTA GENERAL
Nota general Incluye Índice y Referencias bibliográficas
505 ## - NOTA DE CONTENIDO CON FORMATO
Título Capítulo I. Fundamento e introducción a la evaluación económica de 9 medicamentos y tecnologías sanitarias. --
-- Capítulo II. Estandarización en el diseño y realización de evaluaciones económicas: recomendaciones y guías existentes. --
-- Capítulo III. Tipos de costes a incluir en una evaluación económica. --
-- Capítulo IV. Medición y evaluación de los resultados en salud en las evaluaciones económicas. --
-- Capítulo V. Estudios de coste de la enfermedad. --
-- Capítulo VI. Análisis de minimización de costes y análisis coste-consecuencia. --
-- Capítulo VII. Análisis coste-beneficio. --
-- Capítulo VIII. Análisis coste-efectividad. --
-- Capítulo IX. Análisis coste-utilidad. --
-- Capítulo X. Análisis de impacto presupuestario. --
-- Capítulo XI. Análisis e interpretación de los resultados de las evaluaciones económicas. Reglas de decisión. --
-- Capítulo XII. Diseño y realización de evaluaciones económicas a través de modelos analíticos de decisión. --
-- Capítulo XIII. Incorporación de evaluaciones económicas en ensayos clínicos y diseños observacionales. --
-- Capítulo XIV. Análisis de sensibilidad y manejo de la incertidumbre en las evaluaciones económicas. --
-- Capítulo XV. Revisión crítica de la calidad de evaluaciones económicas publicadas. --
-- Capítulo XVI. Revisiones sistemáticas de evaluaciones económicas publicadas. --
-- Capítulo XVII. Transferencia y adaptación de los resultados de evaluaciones económicas efectuadas en un país y entorno sanitario a otros diferentes. --
-- Capítulo XVIII. Uso y aplicaciones de las evaluaciones económicas en la elaboración de políticas sobre medicamentos y tecnologías sanitarias en el Sistema Nacional de Salud de nuestro país.
526 ## - NOTA DE INFORMACIÓN SOBRE EL PROGRAMA DE ESTUDIO
Institución que aplica el campo Unicoc
546 ## - NOTA DE LENGUA
Nota de lengua Español
650 #0 - PUNTO DE ACCESO ADICIONAL DE MATERIA - TÉRMINO DE MATERIA
9 (RLIN) 9169
Término de materia o nombre geográfico como elemento inicial Medicamentos
Subdivisión de materia general Evaluación económica
650 #0 - PUNTO DE ACCESO ADICIONAL DE MATERIA - TÉRMINO DE MATERIA
9 (RLIN) 12873
Término de materia o nombre geográfico como elemento inicial Farmacoeconomía
650 #0 - PUNTO DE ACCESO ADICIONAL DE MATERIA - TÉRMINO DE MATERIA
9 (RLIN) 12874
Término de materia o nombre geográfico como elemento inicial Tecnologías sanitarias
650 #0 - PUNTO DE ACCESO ADICIONAL DE MATERIA - TÉRMINO DE MATERIA
9 (RLIN) 12875
Término de materia o nombre geográfico como elemento inicial Política sanitaria
658 #0 - TÉRMINO DE INDIZACIÓN - OBJETIVO CURRICULAR
9 (RLIN) 8315
Programa Académico Programa de Odontología
856 ## - LOCALIZACIÓN Y ACCESO ELECTRÓNICOS
Texto del enlace Acceso online exclusivo para comunidad Unicoc.
Identificador Uniforme del Recurso (URI) https://unicoceduco-my.sharepoint.com/:b:/g/personal/direccionbiblioteca_unicoc_edu_co/IQDnZHUvCeE4SYEHtWF-eP2HAZtIC2CQ51YuLjDwrhewV7E
942 ## - ENTRADA PARA ELEMENTOS AGREGADOS (KOHA)
Fuente de clasificación o esquema de ordenación en estanterías
Koha [por defecto] tipo de item Libro electrónico
Existencias
Tipo de item de Koha Fecha del precio de reemplazo Estado de pérdida Signatura completa No para préstamo Fecha de adquisición Fecha última consulta Localización actual Fuente de adquisición Estropeado Código de barras Fuente de clasificación o esquema de ordenación en estanterías Localización permanente Código de colección Precio
Libro electrónico2026-04-09 615.19 2026-04-092026-04-09Bogotá (Dr. David Ordóñez Rueda) - Campus NorteCompra Ebook10822 Bogotá (Dr. David Ordóñez Rueda) - Campus NorteColeccion Online200000.00

© 2014 UNICOC | Institución Universitaria Colegios de Colombia - UNICOC
Bogotá D.C. Autopista Norte Km. 20. Teléfono:(571)6683535
Cali: Calle 13 Norte No. 3N-13. Teléfono: (572)6608887

Con tecnología de Koha